[Event "Memorial Kurnosova 2017"]
[Site "?"]
[Date "2017.09.08"]
[Round "4.5"]
[White "Khegay, Dmitriy"]
[Black "Chigaev, Maksim"]
[Result "1/2-1/2"]
[LiveChessVersion "1.4.8"]
[BlackElo "2587"]
[WhiteElo "2524"]

1. e4 {[%clk 0:15:19]} c5 {[%clk 0:15:09]} 2. Be2 {[%clk 0:15:02]} Nc6
{[%clk 0:15:06]} 3. f4 {[%clk 0:15:03]} g6 {[%clk 0:15:15]} 4. Nf3
{[%clk 0:15:12]} Bg7 {[%clk 0:15:23]} 5. O-O {[%clk 0:15:20]} d6 {[%clk 0:15:30]}
6. d3 {[%clk 0:15:27]} Nf6 {[%clk 0:15:38]} 7. c3 {[%clk 0:15:00]} O-O
{[%clk 0:15:45]} 8. Kh1 {[%clk 0:15:05]} Rb8 {[%clk 0:15:26]} 9. Be3
{[%clk 0:15:13]} b5 {[%clk 0:15:35]} 10. a3 {[%clk 0:15:06]} a5 {[%clk 0:15:42]}
11. Nbd2 {[%clk 0:15:14]} b4 {[%clk 0:15:51]} 12. axb4 {[%clk 0:15:01]} axb4
{[%clk 0:16:00]} 13. d4 {[%clk 0:15:11]} bxc3 {[%clk 0:14:25]} 14. bxc3
{[%clk 0:15:19]} d5 {[%clk 0:12:13]} 15. e5 {[%clk 0:15:16]} Ng4 {[%clk 0:12:22]}
16. Bg1 {[%clk 0:15:18]} c4 {[%clk 0:12:30]} 17. h3 {[%clk 0:14:20]} Nh6
{[%clk 0:12:39]} 18. g4 {[%clk 0:14:18]} f6 {[%clk 0:10:46]} 19. Qa4
{[%clk 0:13:15]} Bd7 {[%clk 0:10:19]} 20. Qa3 {[%clk 0:11:39]} fxe5
{[%clk 0:10:22]} 21. fxe5 {[%clk 0:09:25]} e6 {[%clk 0:10:20]} 22. Be3
{[%clk 0:09:30]} Nf7 {[%clk 0:10:16]} 23. Rfb1 {[%clk 0:09:03]} Rxb1+
{[%clk 0:08:18]} 24. Rxb1 {[%clk 0:09:12]} Qa8 {[%clk 0:08:27]} 25. Qxa8
{[%clk 0:08:50]} Rxa8 {[%clk 0:08:36]} 26. Rb7 {[%clk 0:06:02]} Ra7
{[%clk 0:08:44]} 27. Rxa7 {[%clk 0:05:31]} Nxa7 {[%clk 0:08:53]} 28. Bd1
{[%clk 0:05:18]} Nb5 {[%clk 0:07:56]} 29. Ba4 {[%clk 0:03:55]} Bc6
{[%clk 0:07:56]} 30. Bxb5 {[%clk 0:04:04]} Bxb5 {[%clk 0:08:05]} 31. Kg2
{[%clk 0:04:13]} Bf8 {[%clk 0:08:13]} 32. Kf2 {[%clk 0:02:19]} Ba4
{[%clk 0:08:12]} 33. Nf1 {[%clk 0:02:11]} h6 {[%clk 0:07:25]} 34. Bc1
{[%clk 0:02:08]} Be7 {[%clk 0:06:01]} 35. Ng3 {[%clk 0:01:39]} Bd1
{[%clk 0:05:40]} 36. Ne2 {[%clk 0:01:30]} g5 {[%clk 0:05:30]} 37. Ke1
{[%clk 0:01:08]} Bc2 {[%clk 0:05:31]} 38. Ng3 {[%clk 0:01:09]} Kh7
{[%clk 0:05:13]} 39. Kd2 {[%clk 0:01:09]} Bb1 {[%clk 0:04:53]} 40. Ne1
{[%clk 0:01:15]} Nh8 {[%clk 0:04:52]} 41. Nc2 {[%clk 0:00:38]} Ng6
{[%clk 0:04:06]} 42. Nh5 {[%clk 0:00:41]} Nh4 {[%clk 0:02:40]} 43. Ne1
{[%clk 0:00:51]} Kg6 {[%clk 0:02:09]} 44. Ke3 {[%clk 0:00:51]} Kf7
{[%clk 0:01:35]} 45. Nf3 {[%clk 0:00:31]} Ng6 {[%clk 0:01:02]} 46. Kf2
{[%clk 0:00:40]} Be4 {[%clk 0:01:02]} 47. Nd2 {[%clk 0:00:40]} Bd3
{[%clk 0:01:06]} 48. Nf3 {[%clk 0:00:48]} Be4 {[%clk 0:00:59]} 49. Nd2
{[%clk 0:00:57]} Bc2 {[%clk 0:01:08]} 50. Nf3 {[%clk 0:00:31]} Bd1
{[%clk 0:01:16]} 51. Nd2 {[%clk 0:00:40]} Nf8 {[%clk 0:00:42]} 52. Nb1
{[%clk 0:00:44]} Bc2 {[%clk 0:00:26]} 53. Na3 {[%clk 0:00:52]} Ba4
{[%clk 0:00:31]} 54. Nb1 {[%clk 0:00:56]} Nd7 {[%clk 0:00:29]} 55. Ba3
{[%clk 0:00:41]} Bd8 {[%clk 0:00:38]} 56. Bb4 {[%clk 0:00:31]} Nb8
{[%clk 0:00:44]} 57. Ke3 {[%clk 0:00:36]} Nc6 {[%clk 0:00:30]} 58. Kd2
{[%clk 0:00:28]} Bb6 {[%clk 0:00:30]} 59. Bd6 {[%clk 0:00:16]} Bd8
{[%clk 0:00:26]} 60. Bb4 {[%clk 0:00:18]} Kg6 {[%clk 0:00:27]} 61. Ng3
{[%clk 0:00:17]} Bb6 {[%clk 0:00:29]} 62. Bd6 {[%clk 0:00:25]} Na5
{[%clk 0:00:30]} 63. Kc1 {[%clk 0:00:34]} Be8 {[%clk 0:00:21]} 64. Nd2
{[%clk 0:00:26]} Kh7 {[%clk 0:00:16]} 1/2-1/2

[Event "Memorial Kurnosova 2017"]
[Site "?"]
[Date "2017.09.08"]
[Round "4.7"]
[White "Iljiushenok, Ilia"]
[Black "Lugovskoy, Maxim"]
[Result "1-0"]
[LiveChessVersion "1.4.8"]
[BlackElo "2509"]
[WhiteElo "2563"]

1. e4 {[%clk 0:15:17]} e6 {[%clk 0:15:18]} 2. d4 {[%clk 0:15:23]} d5
{[%clk 0:15:27]} 3. e5 {[%clk 0:15:30]} c5 {[%clk 0:15:35]} 4. c3
{[%clk 0:15:37]} Nc6 {[%clk 0:15:43]} 5. Nf3 {[%clk 0:15:45]} Nh6
{[%clk 0:15:49]} 6. Bd3 {[%clk 0:14:27]} cxd4 {[%clk 0:15:55]} 7. cxd4
{[%clk 0:14:26]} Nf5 {[%clk 0:16:03]} 8. Bxf5 {[%clk 0:14:09]} exf5
{[%clk 0:16:11]} 9. Nc3 {[%clk 0:14:02]} Be6 {[%clk 0:16:20]} 10. Ne2
{[%clk 0:13:52]} Be7 {[%clk 0:16:03]} 11. h4 {[%clk 0:13:58]} Qb6
{[%clk 0:16:08]} 12. Kf1 {[%clk 0:12:11]} O-O-O {[%clk 0:16:13]} 13. Kg1
{[%clk 0:12:02]} Kb8 {[%clk 0:16:21]} 14. a3 {[%clk 0:10:41]} h6 {[%clk 0:16:29]}
15. b4 {[%clk 0:09:23]} g5 {[%clk 0:16:29]} 16. hxg5 {[%clk 0:09:20]} hxg5
{[%clk 0:16:38]} 17. Rxh8 {[%clk 0:09:16]} Rxh8 {[%clk 0:16:46]} 18. Bxg5
{[%clk 0:09:21]} Qd8 {[%clk 0:14:38]} 19. Qd2 {[%clk 0:09:21]} Qg8
{[%clk 0:12:38]} 20. Rc1 {[%clk 0:07:25]} Qh7 {[%clk 0:12:29]} 21. Ng3
{[%clk 0:07:34]} Bxg5 {[%clk 0:06:56]} 22. Qxg5 {[%clk 0:07:39]} f4
{[%clk 0:06:59]} 23. Qxf4 {[%clk 0:07:37]} Ne7 {[%clk 0:07:08]} 24. Ng5
{[%clk 0:03:44]} Qh2+ {[%clk 0:06:08]} 25. Kf1 {[%clk 0:03:54]} Nf5
{[%clk 0:03:52]} 26. Nf3 {[%clk 0:03:56]} Nxg3+ {[%clk 0:03:14]} 27. fxg3
{[%clk 0:04:05]} Qh7 {[%clk 0:03:15]} 28. Kf2 {[%clk 0:02:38]} Rg8
{[%clk 0:03:24]} 29. Rc3 {[%clk 0:02:04]} Qb1 {[%clk 0:02:38]} 30. Qc1
{[%clk 0:01:52]} Qg6 {[%clk 0:02:46]} 31. Ng1 {[%clk 0:01:09]} Qg4
{[%clk 0:02:12]} 32. Qf4 {[%clk 0:01:03]} Qd1 {[%clk 0:02:15]} 33. Ne2
{[%clk 0:01:10]} Qb1 {[%clk 0:01:38]} 34. Qc1 {[%clk 0:01:15]} Qe4
{[%clk 0:01:13]} 35. Qe3 {[%clk 0:01:18]} Qb1 {[%clk 0:01:13]} 36. Nf4
{[%clk 0:01:23]} Qb2+ {[%clk 0:00:59]} 37. Kg1 {[%clk 0:01:32]} Qb1+
{[%clk 0:00:24]} 38. Rc1 {[%clk 0:01:41]} Qh7 {[%clk 0:00:24]} 39. b5
{[%clk 0:01:18]} Qg7 {[%clk 0:00:19]} 40. Kf2 {[%clk 0:01:22]} Qf8
{[%clk 0:00:22]} 41. a4 {[%clk 0:01:10]} Qe7 {[%clk 0:00:13]} 42. a5
{[%clk 0:01:11]} Qd8 {[%clk 0:00:12]} 43. Qc3 {[%clk 0:01:11]} Bf5
{[%clk 0:00:14]} 44. Qb4 {[%clk 0:00:38]} Re8 {[%clk 0:00:13]} 45. b6
{[%clk 0:00:40]} a6 {[%clk 0:00:21]} 46. Qc5 {[%clk 0:00:39]} Be6
{[%clk 0:00:13]} 47. Qc7+ {[%clk 0:00:45]} Ka8 {[%clk 0:00:20]} 48. Qxd8+
{[%clk 0:00:48]} Rxd8 {[%clk 0:00:29]} 49. Nxe6 {[%clk 0:00:53]} fxe6
{[%clk 0:00:39]} 50. g4 {[%clk 0:01:00]} Kb8 {[%clk 0:00:42]} 51. Kg3
{[%clk 0:01:07]} Rf8 {[%clk 0:00:39]} 52. Rc7 {[%clk 0:01:10]} Rf1
{[%clk 0:00:43]} 53. g5 {[%clk 0:01:15]} 1-0

[Event "Memorial Kurnosova 2017"]
[Site "?"]
[Date "2017.09.08"]
[Round "4.8"]
[White "Matsenko, Andrei"]
[Black "Zvjaginsev, Vadim"]
[Result "1/2-1/2"]
[LiveChessVersion "1.4.8"]
[BlackElo "2621"]
[WhiteElo "2226"]

1. d4 {[%clk 0:15:18]} d6 {[%clk 0:15:18]} 2. e4 {[%clk 0:15:17]} Nf6
{[%clk 0:15:26]} 3. Nc3 {[%clk 0:15:26]} g6 {[%clk 0:15:35]} 4. f4
{[%clk 0:15:26]} Bg7 {[%clk 0:15:42]} 5. Bd3 {[%clk 0:15:35]} O-O
{[%clk 0:15:47]} 6. Nf3 {[%clk 0:15:45]} Na6 {[%clk 0:15:55]} 7. O-O
{[%clk 0:15:48]} c5 {[%clk 0:16:02]} 8. d5 {[%clk 0:15:56]} Rb8 {[%clk 0:16:10]}
9. a4 {[%clk 0:16:03]} Nb4 {[%clk 0:15:38]} 10. Re1 {[%clk 0:15:43]} Nxd3
{[%clk 0:15:05]} 11. Qxd3 {[%clk 0:15:48]} e6 {[%clk 0:14:19]} 12. dxe6
{[%clk 0:15:24]} Bxe6 {[%clk 0:14:06]} 13. Rd1 {[%clk 0:14:49]} Qa5
{[%clk 0:13:34]} 14. Bd2 {[%clk 0:14:10]} Qa6 {[%clk 0:13:24]} 15. Nb5
{[%clk 0:14:03]} d5 {[%clk 0:13:25]} 16. exd5 {[%clk 0:13:50]} Nxd5
{[%clk 0:13:01]} 17. c4 {[%clk 0:13:48]} Nb4 {[%clk 0:12:52]} 18. Qb3
{[%clk 0:13:45]} Nc6 {[%clk 0:12:47]} 19. Bc3 {[%clk 0:13:23]} Na5
{[%clk 0:12:48]} 20. Bxa5 {[%clk 0:13:30]} Qxa5 {[%clk 0:12:57]} 21. Ne5
{[%clk 0:13:06]} a6 {[%clk 0:12:38]} 22. Nc3 {[%clk 0:12:47]} Qb4
{[%clk 0:10:50]} 23. Qxb4 {[%clk 0:12:50]} cxb4 {[%clk 0:10:59]} 24. Nd5
{[%clk 0:12:59]} Rfd8 {[%clk 0:10:52]} 25. b3 {[%clk 0:10:34]} a5
{[%clk 0:10:01]} 26. Ra2 {[%clk 0:10:42]} g5 {[%clk 0:08:28]} 27. g3
{[%clk 0:09:16]} gxf4 {[%clk 0:08:27]} 28. gxf4 {[%clk 0:09:25]} f6
{[%clk 0:08:36]} 29. Nf3 {[%clk 0:08:34]} Kf7 {[%clk 0:08:36]} 30. Rad2
{[%clk 0:07:45]} Bh6 {[%clk 0:08:34]} 31. Kf2 {[%clk 0:07:30]} Rd7
{[%clk 0:08:29]} 32. Rd4 {[%clk 0:06:29]} Rbd8 {[%clk 0:08:03]} 33. Nc7
{[%clk 0:04:29]} Bxf4 {[%clk 0:05:23]} 34. Rxf4 {[%clk 0:04:34]} Rxd1
{[%clk 0:05:32]} 35. Ng5+ {[%clk 0:04:43]} Ke7 {[%clk 0:05:40]} 36. Ngxe6
{[%clk 0:04:51]} R8d2+ {[%clk 0:04:16]} 37. Ke3 {[%clk 0:04:33]} Rxh2
{[%clk 0:04:05]} 38. Nd4 {[%clk 0:04:33]} Re1+ {[%clk 0:02:56]} 39. Kd3
{[%clk 0:04:36]} Rd1+ {[%clk 0:02:32]} 40. Ke4 {[%clk 0:04:32]} Re1+
{[%clk 0:02:37]} 41. Kd3 {[%clk 0:04:41]} Rd1+ {[%clk 0:02:40]} 42. Ke4
{[%clk 0:04:49]} Re1+ {[%clk 0:02:48]} 1/2-1/2

[Event "Memorial Kurnosova 2017"]
[Site "?"]
[Date "2017.09.08"]
[Round "4.9"]
[White "Movsesian, Sergei"]
[Black "Girya, Olga"]
[Result "1-0"]
[LiveChessVersion "1.4.8"]
[BlackElo "2389"]
[WhiteElo "2712"]

1. g3 {[%clk 0:15:17]} d5 {[%clk 0:15:19]} 2. Nf3 {[%clk 0:15:25]} Bg4
{[%clk 0:15:27]} 3. Bg2 {[%clk 0:15:33]} c6 {[%clk 0:15:36]} 4. O-O
{[%clk 0:15:37]} Nd7 {[%clk 0:15:10]} 5. d3 {[%clk 0:15:27]} e5 {[%clk 0:15:09]}
6. h3 {[%clk 0:15:22]} Bh5 {[%clk 0:15:06]} 7. e4 {[%clk 0:15:30]} dxe4
{[%clk 0:14:54]} 8. dxe4 {[%clk 0:15:38]} Ngf6 {[%clk 0:15:01]} 9. Nbd2
{[%clk 0:15:36]} Be7 {[%clk 0:15:06]} 10. Qe1 {[%clk 0:15:43]} O-O
{[%clk 0:15:07]} 11. Nc4 {[%clk 0:15:45]} Qc7 {[%clk 0:15:13]} 12. a4
{[%clk 0:15:49]} Rfe8 {[%clk 0:15:13]} 13. Nh4 {[%clk 0:15:51]} Bf8
{[%clk 0:15:18]} 14. Bg5 {[%clk 0:15:56]} Re6 {[%clk 0:12:45]} 15. a5
{[%clk 0:14:32]} Rae8 {[%clk 0:08:53]} 16. Nf5 {[%clk 0:13:06]} b5
{[%clk 0:08:27]} 17. axb6 {[%clk 0:12:39]} axb6 {[%clk 0:08:36]} 18. h4
{[%clk 0:11:45]} b5 {[%clk 0:07:33]} 19. Nd2 {[%clk 0:11:37]} h6 {[%clk 0:04:36]}
20. Be3 {[%clk 0:11:17]} c5 {[%clk 0:04:37]} 21. c4 {[%clk 0:10:30]} Qb7
{[%clk 0:03:34]} 22. f3 {[%clk 0:09:36]} Nb8 {[%clk 0:03:19]} 23. Qf2
{[%clk 0:07:42]} Rd8 {[%clk 0:02:28]} 24. Rfd1 {[%clk 0:06:51]} bxc4
{[%clk 0:02:15]} 25. g4 {[%clk 0:06:31]} Bxg4 {[%clk 0:01:27]} 26. fxg4
{[%clk 0:06:39]} Nxg4 {[%clk 0:01:35]} 27. Qf3 {[%clk 0:05:43]} Nxe3
{[%clk 0:01:33]} 28. Nxe3 {[%clk 0:05:50]} Qxb2 {[%clk 0:00:55]} 29. Ndxc4
{[%clk 0:05:39]} Rxd1+ {[%clk 0:01:02]} 30. Rxd1 {[%clk 0:05:28]} Qc3
{[%clk 0:01:08]} 31. Qh5 {[%clk 0:04:31]} Nc6 {[%clk 0:01:02]} 32. Rf1
{[%clk 0:04:28]} Rg6 {[%clk 0:00:39]} 33. Kh1 {[%clk 0:03:39]} Be7
{[%clk 0:00:46]} 34. Qf5 {[%clk 0:03:10]} Rf6 {[%clk 0:00:19]} 35. Qc8+
{[%clk 0:03:17]} Nd8 {[%clk 0:00:21]} 36. Rd1 {[%clk 0:02:52]} Kh7
{[%clk 0:00:24]} 37. Nd5 {[%clk 0:02:36]} Qxc4 {[%clk 0:00:30]} 38. Nxe7
{[%clk 0:02:44]} Rd6 {[%clk 0:00:00]} 1-0

[Event "Memorial Kurnosova 2017"]
[Site "?"]
[Date "2017.09.08"]
[Round "4.10"]
[White "Bocharov, Dmitry"]
[Black "Shariyazdanov, Andrey"]
[Result "1/2-1/2"]
[LiveChessVersion "1.4.8"]
[BlackElo "2472"]
[WhiteElo "2611"]

1. Nf3 {[%clk 0:15:15]} g6 {[%clk 0:15:19]} 2. d4 {[%clk 0:15:14]} Bg7
{[%clk 0:15:28]} 3. e4 {[%clk 0:15:17]} d6 {[%clk 0:15:37]} 4. c4
{[%clk 0:15:25]} e5 {[%clk 0:15:44]} 5. Nc3 {[%clk 0:15:24]} Nc6 {[%clk 0:15:42]}
6. d5 {[%clk 0:14:23]} Nce7 {[%clk 0:15:51]} 7. Bd3 {[%clk 0:14:21]} f5
{[%clk 0:15:40]} 8. Ng5 {[%clk 0:12:51]} Nf6 {[%clk 0:15:42]} 9. O-O
{[%clk 0:12:41]} O-O {[%clk 0:15:38]} 10. f4 {[%clk 0:12:49]} exf4
{[%clk 0:15:15]} 11. exf5 {[%clk 0:12:41]} Nxf5 {[%clk 0:15:21]} 12. Bxf4
{[%clk 0:12:42]} Nh5 {[%clk 0:15:17]} 13. Bd2 {[%clk 0:12:33]} Bd4+
{[%clk 0:13:07]} 14. Kh1 {[%clk 0:12:41]} Nhg3+ {[%clk 0:12:59]} 15. hxg3
{[%clk 0:12:48]} Nxg3+ {[%clk 0:13:07]} 16. Kh2 {[%clk 0:12:45]} Rxf1
{[%clk 0:11:37]} 17. Bxf1 {[%clk 0:12:52]} Be5 {[%clk 0:11:46]} 18. Kg1
{[%clk 0:12:58]} Bd4+ {[%clk 0:11:56]} 19. Kh2 {[%clk 0:13:06]} Be5
{[%clk 0:12:05]} 20. Kg1 {[%clk 0:07:22]} Bd4+ {[%clk 0:12:14]} 21. Kh2
{[%clk 0:07:30]} Be5 {[%clk 0:12:22]} 22. Kg1 {[%clk 0:06:50]} 1/2-1/2

[Event "Memorial Kurnosova 2017"]
[Site "?"]
[Date "2017.09.09"]
[Round "5.1"]
[White "Bocharov, Ivan"]
[Black "Iljiushenok, Ilia"]
[Result "1-0"]
[LiveChessVersion "1.4.8"]
[BlackElo "2563"]
[WhiteElo "2590"]

1. e4 {[%clk 0:15:19]} e5 {[%clk 0:15:18]} 2. Nf3 {[%clk 0:15:28]} Nc6
{[%clk 0:15:25]} 3. Nc3 {[%clk 0:15:32]} Nf6 {[%clk 0:15:24]} 4. Bb5
{[%clk 0:15:40]} Nd4 {[%clk 0:15:18]} 5. Ba4 {[%clk 0:15:49]} Nxf3+
{[%clk 0:11:12]} 6. Qxf3 {[%clk 0:15:57]} Bc5 {[%clk 0:11:15]} 7. d3
{[%clk 0:15:32]} O-O {[%clk 0:10:40]} 8. Be3 d6 {[%clk 0:10:18]} 9. Bg5
{[%clk 0:15:10]} c6 {[%clk 0:10:22]} 10. Qg3 {[%clk 0:14:32]} Nh5
{[%clk 0:09:00]} 11. Qh4 {[%clk 0:14:29]} Nf6 {[%clk 0:09:09]} 12. f4
{[%clk 0:13:56]} h6 {[%clk 0:08:23]} 13. Bxf6 {[%clk 0:14:04]} Qxf6
{[%clk 0:08:32]} 14. Qxf6 {[%clk 0:14:13]} gxf6 {[%clk 0:08:41]} 15. f5
{[%clk 0:14:13]} Bd4 {[%clk 0:06:46]} 16. Rb1 {[%clk 0:14:05]} a5
{[%clk 0:06:50]} 17. a3 {[%clk 0:14:07]} b5 {[%clk 0:05:30]} 18. Bb3
{[%clk 0:14:16]} a4 {[%clk 0:05:23]} 19. Ba2 {[%clk 0:14:25]} Rd8
{[%clk 0:05:32]} 20. Rf1 {[%clk 0:13:43]} Bd7 {[%clk 0:05:17]} 21. Ne2
{[%clk 0:13:11]} Bb6 {[%clk 0:05:17]} 22. Rf3 {[%clk 0:13:13]} Kf8
{[%clk 0:04:05]} 23. Rh3 {[%clk 0:13:15]} Ke7 {[%clk 0:04:12]} 24. Rxh6
{[%clk 0:13:10]} Rg8 {[%clk 0:04:14]} 25. Rh7 {[%clk 0:12:23]} Raf8
{[%clk 0:04:21]} 26. g3 {[%clk 0:12:28]} Be3 {[%clk 0:04:15]} 27. Kf1
{[%clk 0:12:31]} d5 {[%clk 0:04:09]} 28. Kg2 {[%clk 0:12:37]} d4 {[%clk 0:04:12]}
29. Kf3 {[%clk 0:12:31]} c5 {[%clk 0:04:15]} 30. Bd5 {[%clk 0:12:37]} b4
{[%clk 0:03:50]} 31. h4 {[%clk 0:10:58]} Rh8 {[%clk 0:03:59]} 32. Rxh8
{[%clk 0:11:05]} Rxh8 {[%clk 0:04:09]} 33. Ra1 {[%clk 0:10:23]} Bb5
{[%clk 0:02:57]} 34. b3 {[%clk 0:10:24]} axb3 {[%clk 0:00:59]} 35. Bxb3
{[%clk 0:10:31]} Ra8 {[%clk 0:00:28]} 36. a4 {[%clk 0:10:38]} Bc6
{[%clk 0:00:27]} 37. a5 {[%clk 0:10:27]} Bb5 {[%clk 0:00:32]} 38. Bd5
{[%clk 0:10:16]} Ra7 {[%clk 0:00:36]} 39. Bc4 {[%clk 0:09:58]} Bxc4
{[%clk 0:00:35]} 40. dxc4 {[%clk 0:10:07]} Ra6 {[%clk 0:00:31]} 41. g4
{[%clk 0:10:10]} Bd2 {[%clk 0:00:40]} 42. Ra2 {[%clk 0:08:30]} Kf8
{[%clk 0:00:50]} 43. Ng3 {[%clk 0:07:26]} d3 {[%clk 0:00:44]} 44. cxd3
{[%clk 0:07:27]} Bc1 {[%clk 0:00:52]} 45. Ne2 {[%clk 0:07:20]} Ba3
{[%clk 0:00:56]} 46. Nc3 {[%clk 0:05:34]} Rxa5 {[%clk 0:00:44]} 47. Nb1
{[%clk 0:05:43]} Ra8 {[%clk 0:00:39]} 48. Nd2 {[%clk 0:05:49]} Rd8
{[%clk 0:00:36]} 49. Ke2 {[%clk 0:05:57]} Ke7 {[%clk 0:00:43]} 50. Nb3
{[%clk 0:06:03]} Rh8 {[%clk 0:00:46]} 51. h5 {[%clk 0:06:11]} Kd6
{[%clk 0:00:56]} 52. Kf3 {[%clk 0:06:14]} Kc6 {[%clk 0:01:01]} 53. Rh2
{[%clk 0:06:21]} Rh6 {[%clk 0:01:06]} 54. Kg3 {[%clk 0:06:01]} Kd6
{[%clk 0:01:14]} 55. Kh4 {[%clk 0:06:03]} Rh8 {[%clk 0:00:28]} 56. g5
{[%clk 0:06:11]} fxg5+ {[%clk 0:00:33]} 57. Kxg5 {[%clk 0:06:20]} Ke7
{[%clk 0:00:41]} 58. h6 {[%clk 0:06:20]} Rg8+ {[%clk 0:00:48]} 59. Kh5
{[%clk 0:06:29]} Kf6 {[%clk 0:00:55]} 60. h7 {[%clk 0:06:34]} Rd8
{[%clk 0:00:18]} 61. Kh6 {[%clk 0:06:41]} 1-0

[Event "Memorial Kurnosova 2017"]
[Site "?"]
[Date "2017.09.09"]
[Round "5.2"]
[White "Yuffa, Daniil"]
[Black "Movsesian, Sergei"]
[Result "1-0"]
[LiveChessVersion "1.4.8"]
[BlackElo "2712"]
[WhiteElo "2554"]

1. d4 {[%clk 0:15:16]} Nf6 {[%clk 0:15:18]} 2. c4 {[%clk 0:15:24]} d6
{[%clk 0:15:25]} 3. Nf3 {[%clk 0:15:26]} Nbd7 {[%clk 0:15:34]} 4. Nc3
{[%clk 0:15:31]} e5 {[%clk 0:15:42]} 5. g3 {[%clk 0:15:37]} c6 {[%clk 0:15:37]}
6. Qc2 {[%clk 0:15:08]} g6 {[%clk 0:15:13]} 7. Bg2 {[%clk 0:14:39]} Bg7
{[%clk 0:15:20]} 8. O-O {[%clk 0:14:46]} O-O {[%clk 0:15:20]} 9. Rd1
{[%clk 0:14:34]} Qe7 {[%clk 0:14:46]} 10. b3 {[%clk 0:13:21]} Re8
{[%clk 0:11:12]} 11. Ba3 {[%clk 0:12:42]} e4 {[%clk 0:10:36]} 12. Ng5
{[%clk 0:10:15]} e3 {[%clk 0:10:44]} 13. f4 {[%clk 0:09:53]} Nf8 {[%clk 0:10:38]}
14. Nce4 {[%clk 0:06:06]} Nxe4 {[%clk 0:08:01]} 15. Qxe4 {[%clk 0:05:57]} Qd8
{[%clk 0:08:09]} 16. Qf3 {[%clk 0:05:38]} Bf5 {[%clk 0:07:01]} 17. Qf1
{[%clk 0:04:20]} h6 {[%clk 0:06:15]} 18. Nf3 {[%clk 0:04:28]} Bc2
{[%clk 0:06:20]} 19. Rdc1 {[%clk 0:04:27]} Be4 {[%clk 0:06:29]} 20. Rd1
{[%clk 0:03:29]} Ne6 {[%clk 0:06:28]} 21. Bh3 {[%clk 0:01:53]} f5
{[%clk 0:05:19]} 22. d5 {[%clk 0:01:45]} cxd5 {[%clk 0:04:21]} 23. cxd5
{[%clk 0:01:54]} Nc7 {[%clk 0:03:33]} 24. Rac1 {[%clk 0:01:42]} Nb5
{[%clk 0:03:41]} 25. Bb4 {[%clk 0:01:48]} Qb6 {[%clk 0:03:25]} 26. Nh4
{[%clk 0:01:47]} Kh7 {[%clk 0:03:22]} 27. Rc4 {[%clk 0:01:44]} a5
{[%clk 0:03:08]} 28. Be1 {[%clk 0:01:53]} Na3 {[%clk 0:02:28]} 29. Rxe4
{[%clk 0:02:02]} Rxe4 {[%clk 0:02:19]} 30. Nxf5 {[%clk 0:02:11]} Bf6
{[%clk 0:02:24]} 31. g4 {[%clk 0:01:01]} Rf8 {[%clk 0:01:57]} 32. Ng3
{[%clk 0:00:38]} Rd4 {[%clk 0:02:02]} 33. Rc1 {[%clk 0:00:42]} Rxd5
{[%clk 0:01:40]} 34. f5 {[%clk 0:00:39]} g5 {[%clk 0:01:48]} 35. Ne4
{[%clk 0:00:35]} Bb2 {[%clk 0:01:43]} 36. Bg2 {[%clk 0:00:21]} Rd2
{[%clk 0:01:27]} 37. f6 {[%clk 0:00:17]} Kh8 {[%clk 0:01:33]} 38. Qf5
{[%clk 0:00:23]} Bxc1 {[%clk 0:00:28]} 39. Qg6 {[%clk 0:00:32]} Qc7
{[%clk 0:00:37]} 40. Qxh6+ Kg8 41. Qg6+ {[%clk 0:00:46]} Kh8 {[%clk 0:00:56]} 42.
Qh6+ {[%clk 0:00:23]} Kg8 {[%clk 0:01:06]} 43. Nxd2 {[%clk 0:00:27]} Qf7
{[%clk 0:00:16]} 44. Bd5 {[%clk 0:00:34]} 1-0

[Event "Memorial Kurnosova 2017"]
[Site "?"]
[Date "2017.09.09"]
[Round "5.3"]
[White "Riazantsev, Alexander"]
[Black "Khegay, Dmitriy"]
[Result "1-0"]
[LiveChessVersion "1.4.8"]
[BlackElo "2524"]
[WhiteElo "2703"]

1. d4 {[%clk 0:15:20]} Nf6 {[%clk 0:15:18]} 2. c4 {[%clk 0:15:28]} e6
{[%clk 0:15:27]} 3. Nf3 {[%clk 0:15:30]} b6 {[%clk 0:15:35]} 4. a3
{[%clk 0:15:39]} Bb7 {[%clk 0:15:42]} 5. Nc3 {[%clk 0:15:48]} d5 {[%clk 0:15:51]}
6. cxd5 {[%clk 0:15:49]} Nxd5 {[%clk 0:15:59]} 7. e3 {[%clk 0:15:58]} g6
{[%clk 0:16:08]} 8. Bb5+ {[%clk 0:16:04]} c6 {[%clk 0:16:17]} 9. Bd3
{[%clk 0:16:13]} Bg7 {[%clk 0:16:26]} 10. Ne4 {[%clk 0:16:17]} O-O
{[%clk 0:16:18]} 11. O-O {[%clk 0:16:25]} Qe7 {[%clk 0:16:27]} 12. Ng3
{[%clk 0:14:41]} c5 {[%clk 0:15:36]} 13. e4 {[%clk 0:14:42]} Nc7 {[%clk 0:15:44]}
14. Bg5 {[%clk 0:14:34]} f6 {[%clk 0:15:16]} 15. Be3 {[%clk 0:14:28]} cxd4
{[%clk 0:15:24]} 16. Nxd4 {[%clk 0:14:36]} e5 {[%clk 0:14:07]} 17. Ndf5
{[%clk 0:10:03]} gxf5 {[%clk 0:13:58]} 18. Nxf5 {[%clk 0:10:12]} Qd7
{[%clk 0:14:02]} 19. Qg4 {[%clk 0:10:16]} Kh8 {[%clk 0:12:52]} 20. Rfd1
{[%clk 0:10:06]} Ne8 {[%clk 0:13:01]} 21. Bc4 {[%clk 0:08:08]} Qc7
{[%clk 0:13:09]} 22. Rac1 {[%clk 0:08:08]} Nc6 {[%clk 0:12:52]} 23. Bd5
{[%clk 0:05:46]} Rd8 {[%clk 0:10:22]} 24. Bxc6 {[%clk 0:04:54]} Rxd1+
{[%clk 0:09:55]} 25. Qxd1 {[%clk 0:05:03]} Bxc6 {[%clk 0:10:03]} 26. Qc2
{[%clk 0:05:12]} Bxe4 {[%clk 0:08:35]} 27. Qxe4 {[%clk 0:05:21]} Qd7
{[%clk 0:08:32]} 28. g4 {[%clk 0:05:30]} Rg8 {[%clk 0:06:50]} 29. h3
{[%clk 0:03:43]} Bf8 {[%clk 0:06:58]} 30. Kh2 {[%clk 0:03:50]} h5
{[%clk 0:05:38]} 31. g5 {[%clk 0:03:15]} fxg5 {[%clk 0:03:13]} 32. Qxe5+
{[%clk 0:03:22]} Ng7 {[%clk 0:03:22]} 33. Bd4 {[%clk 0:03:05]} Kh7
{[%clk 0:03:18]} 34. Rc7 {[%clk 0:03:12]} Qd8 {[%clk 0:02:15]} 35. Rf7
{[%clk 0:02:34]} 1-0

[Event "Memorial Kurnosova 2017"]
[Site "?"]
[Date "2017.09.09"]
[Round "5.4"]
[White "Stupak, Kirill"]
[Black "Predke, Alexandr"]
[Result "1/2-1/2"]
[LiveChessVersion "1.4.8"]
[BlackElo "2592"]
[WhiteElo "2546"]

1. d4 {[%clk 0:15:14]} e6 {[%clk 0:15:07]} 2. g3 {[%clk 0:15:22]} c5
{[%clk 0:15:14]} 3. Nf3 {[%clk 0:15:30]} Qa5+ {[%clk 0:15:17]} 4. c3
{[%clk 0:15:12]} cxd4 {[%clk 0:15:18]} 5. Nxd4 {[%clk 0:15:12]} Nc6
{[%clk 0:15:20]} 6. Bg2 {[%clk 0:15:19]} Nf6 {[%clk 0:14:27]} 7. O-O
{[%clk 0:15:24]} Be7 {[%clk 0:14:21]} 8. c4 {[%clk 0:13:32]} O-O {[%clk 0:13:32]}
9. Nc3 {[%clk 0:12:01]} Qc5 {[%clk 0:11:28]} 10. Nxc6 {[%clk 0:12:09]} dxc6
{[%clk 0:11:23]} 11. Qa4 {[%clk 0:11:57]} 1/2-1/2